| 000 | 00825nam a22002537a 4500 | ||
|---|---|---|---|
| 003 | LK-CoMWRAF | ||
| 005 | 20231206145512.0 | ||
| 008 | 230929b2009 |||||||| |||| 00| 0 eng d | ||
| 020 | _a9789559950219 | ||
| 040 |
_aLK-CoMWRAF _dLK-CoMWRAF _eLK-CoMWRAF |
||
| 041 | _aeng | ||
| 082 |
_a363.325 _bFAR |
||
| 100 | _aFarook, Latheef | ||
| 245 |
_aNobody's people : _bthe forgotten plight of Sri Lanka's Muslims |
||
| 260 |
_aColombo: _bSouth Asia News Agency, _c2009 |
||
| 300 |
_ax, 495 p. : ill. ; 23 cm. _bIndex included |
||
| 650 | _aTERRORISM | ||
| 650 | _aMuslims -Politics and government- Sri Lanka | ||
| 650 | _aMuslims -Social conditions -Sri Lanka | ||
| 650 | _aMuslims-Economic conditions -Sri Lanka | ||
| 650 | _aPolitics and government-Sri Lanka | ||
| 650 | _a Ethnic relations-Sri Lanka | ||
| 942 | _cBK | ||
| 999 |
_c3742 _d3742 |
||